<?xml version="1.0" encoding="UTF-8"?>
<record
    xmlns:xsi="http://www.w3.org/2001/XMLSchema-instance"
    xsi:schemaLocation="http://www.loc.gov/MARC21/slim http://www.loc.gov/standards/marcxml/schema/MARC21slim.xsd"
    xmlns="http://www.loc.gov/MARC21/slim">

  <leader>00768cam a22002171  4500</leader>
  <controlfield tag="001">ne 65001998 </controlfield>
  <controlfield tag="003">DLC</controlfield>
  <controlfield tag="005">20260227111816.0</controlfield>
  <controlfield tag="008">840112s1963    ua            000 0 arar </controlfield>
  <datafield tag="010" ind1=" " ind2=" ">
    <subfield code="a">ne 65001998 </subfield>
  </datafield>
  <datafield tag="035" ind1=" " ind2=" ">
    <subfield code="a">(OCoLC)10292501</subfield>
  </datafield>
  <datafield tag="040" ind1=" " ind2=" ">
    <subfield code="a">DLC</subfield>
    <subfield code="c">TxU</subfield>
    <subfield code="d">OCoLC</subfield>
    <subfield code="d">DLC</subfield>
  </datafield>
  <datafield tag="042" ind1=" " ind2=" ">
    <subfield code="a">premarc</subfield>
  </datafield>
  <datafield tag="050" ind1="0" ind2="0">
    <subfield code="a">HC59.7</subfield>
    <subfield code="b">.K45</subfield>
  </datafield>
  <datafield tag="100" ind1="1" ind2=" ">
    <subfield code="a">Khal&#x12B;l, Khal&#x12B;l &#x1E24;asan.</subfield>
  </datafield>
  <datafield tag="245" ind1="1" ind2="0">
    <subfield code="a">Mu&#x1E25;&#x101;&#x1E0D;ar&#x101;t f&#x12B; al-tanmiyah al-iqti&#x1E63;&#x101;d&#x12B;yah,</subfield>
    <subfield code="c">alq&#x101;h&#x101; Khal&#x12B;l &#x1E24;asan Khal&#x12B;l &#x2BB;al&#xE1; &#x1E6D;alabat qism al-dir&#x101;s&#x101;t al-iqti&#x1E63;&#x101;d&#x12B;yah.</subfield>
  </datafield>
  <datafield tag="260" ind1=" " ind2=" ">
    <subfield code="a">[al-Q&#x101;hirah] :</subfield>
    <subfield code="b">J&#x101;mi&#x2BB;at al-Duwal al-&#x2BB;Arab&#x12B;yah, Ma&#x2BB;had al-Dir&#x101;s&#x101;t al-&#x2BB;Arab&#x12B;yah al-&#x2BB;&#x100;liyah,</subfield>
    <subfield code="c">1963.</subfield>
  </datafield>
  <datafield tag="300" ind1=" " ind2=" ">
    <subfield code="a">224 p. ;</subfield>
    <subfield code="c">24 cm.</subfield>
  </datafield>
  <datafield tag="504" ind1=" " ind2=" ">
    <subfield code="a">Bibliography: p. [223]-224.</subfield>
  </datafield>
  <datafield tag="651" ind1=" " ind2="0">
    <subfield code="a">Developing countries.</subfield>
  </datafield>
  <datafield tag="999" ind1=" " ind2=" ">
    <subfield code="c">48371</subfield>
    <subfield code="d">48371</subfield>
  </datafield>
</record>
